000 00381nam a2200145Ia 4500
008 100122s9999 xx 000 0 und d
082 _b23059
_a823.08
100 _aबुध्दिसागर शान्ता
245 _aकणव
260 _bसाहित्य वसंत
_c1976
300 _a93
630 _aकणव
730 _aकणव
942 _cBOOK
999 _c410687
_d410684